Miss Nelson has a field day / (Record no. 6761)

MARC details
000 -LEADER
fixed length control field 00976nam a22003017a 4500
001 - CONTROL NUMBER
control field 6761
003 - CONTROL NUMBER IDENTIFIER
control field FISKH
005 - DATE AND TIME OF LATEST TRANSACTION
control field 20250526152847.0
008 - FIXED-LENGTH DATA ELEMENTS--GENERAL INFORMATION
fixed length control field 250526b cb ||||| |||| 00| 0 eng d
020 ## - INTERNATIONAL STANDARD BOOK NUMBER
International Standard Book Number 9780590339766
040 ## - CATALOGING SOURCE
Original cataloging agency FISKH
Language of cataloging eng
Transcribing agency FISKH
Modifying agency FISKH
050 ## - LIBRARY OF CONGRESS CALL NUMBER
Classification number PZ7.A413
082 ## - DEWEY DECIMAL CLASSIFICATION NUMBER
Classification number 813
100 ## - MAIN ENTRY--PERSONAL NAME
Personal name Allard, Harry
Dates associated with a name (1928–2017)
245 ## - TITLE STATEMENT
Title Miss Nelson has a field day /
Statement of responsibility, etc. Harry Allard ; James Marshall
250 ## - EDITION STATEMENT
Edition statement This edition first published in 1985
260 ## - PUBLICATION, DISTRIBUTION, ETC.
Place of publication, distribution, etc. Boston :
Name of publisher, distributor, etc. Scholastic,
Date of publication, distribution, etc. 1985
300 ## - PHYSICAL DESCRIPTION
Extent 32 pages :
Other physical details color illustrations ;
Dimensions 23 cm
505 ## - FORMATTED CONTENTS NOTE
Formatted contents note N<br/>
520 ## - SUMMARY, ETC.
Summary, etc. The notorious Miss Swamp reappears at the Horace B. Smedley School, this time to shape up the football team and make them win at least one game.<br/>
521 8# - TARGET AUDIENCE NOTE
Target audience note 560<br/>
Source Lexile<br/>
521 8# - TARGET AUDIENCE NOTE
Target audience note N<br/>
Source Raz-Plus<br/>
650 ## - SUBJECT ADDED ENTRY--TOPICAL TERM
Source of heading or term Miss Nelson
Topical term or geographic name entry element Field day
650 ## - SUBJECT ADDED ENTRY--TOPICAL TERM
Source of heading or term Sports
Topical term or geographic name entry element Teamwork
700 ## - ADDED ENTRY--PERSONAL NAME
Personal name Marshall, James
Dates associated with a name illustrator
942 ## - ADDED ENTRY ELEMENTS (KOHA)
Source of classification or shelving scheme Dewey Decimal Classification
Koha item type Books
Suppress in OPAC No
Holdings
Withdrawn status Lost status Source of classification or shelving scheme Damaged status Not for loan Collection Home library Current library Shelving location Date acquired Total Checkouts Full call number Barcode Date last seen Copy number Price effective from Koha item type
    Dewey Decimal Classification     Juvenile Fiction Footprints International School Library Network Toul Tom Poung Campus Footprints International School Library Network Toul Tom Poung Campus TTP Primary Yellow Bookshelves 05/26/2025   ALL 813 PZ7.A413 M 2025-1399 05/26/2025 1 05/26/2025 Books